| 000 | 00362nam a2200145Ia 4500 | ||
|---|---|---|---|
| 008 | 260319s9999 xx 000 0 und d | ||
| 020 | _a9.7881224257e+012 | ||
| 082 |
_a540.24 _bSIN/B |
||
| 100 | _aSingh,S K | ||
| 245 | 0 | _aBasic Engineering Chemistry | |
| 250 | _a1st Ed. | ||
| 260 |
_aNew Delhi _bNew Age International _c2018 |
||
| 300 | _a157p. | ||
| 942 | _cBK | ||
| 999 |
_c51323 _d51323 |
||